बीसवीं सदी के अंतिम दो दशकीय हिन्दी नाटकः दृष्टि एवं शिल्प (Record no. 89502)
[ view plain ]
| 000 -LEADER | |
|---|---|
| fixed length control field | 00499nam a2200145Ia 4500 |
| 008 - FIXED-LENGTH DATA ELEMENTS--GENERAL INFORMATION | |
| fixed length control field | 230917s9999||||xx |||||||||||||| ||und|| |
| 040 ## - CATALOGING SOURCE | |
| -- | 178761 |
| Original cataloging agency | VIVEKANANDA LIBRARY |
| 041 ## - Language | |
| -- | English |
| 082 ## - DDC NUMBER | |
| Classification number | 891.43275 DS493B |
| 100 ## - MAIN ENTRY--PERSONAL NAME | |
| Personal name | देवेन्द्र स्वामी |
| 245 #0 - TITLE STATEMENT | |
| Title | बीसवीं सदी के अंतिम दो दशकीय हिन्दी नाटकः दृष्टि एवं शिल्प |
| 260 ## - PUBLICATION, DISTRIBUTION, ETC. (IMPRINT) | |
| Date of publication, distribution, etc | 2002 |
| 300 ## - PHYSICAL DESCRIPTION | |
| Pages | 256 पृ. p. |
| 942 ## - ADDED ENTRY ELEMENTS (KOHA) | |
| Koha item type | Thesis |
| Withdrawn status | Lost status | Damaged status | Not for loan | Location (home branch) | Sublocation or collection (holding branch) | Date acquired | Koha issues (times borrowed) | Koha full call number | Accession No. | Koha date last seen | Koha item type |
|---|---|---|---|---|---|---|---|---|---|---|---|
| VIVEKANANDA LIBRARY | VIVEKANANDA LIBRARY | 20/01/2011 | 891.43275 DS493B | 169968 | 17/09/2023 | Thesis | |||||
| VIVEKANANDA LIBRARY | VIVEKANANDA LIBRARY | 20/01/2011 | 891.43275 DS493B | 220267 | 17/09/2023 | Thesis |
